| 000 | 00000nam##2200000za#4500 |
| 001 | 9.652964 |
| 003 | CaOODSP |
| 005 | 20240403133343 |
| 007 | ta |
| 008 | 150407|1989||||xxc||||| f|0| 0 fre|d |
| 020 | |a0-662-56727-7 |
| 040 | |aCaOODSP|bfre |
| 041 | |aeng |
| 041 | |afre |
| 043 | |an-cn--- |
| 086 | 1 |aYX76-H6/1989 |
| 110 | 1 |aCanada.|bStatuts. |
| 245 | 10|aLoi canadienne sur les droits de la personne : |bL.R. (1985), ch. H-6, modifiée par: L. R. (1985), ch. 31 (1er suppl.), L.R. (1985), ch. 32 (2e suppl.) |
| 260 | |aOttawa - Ontario : |bStatuts |c1989, réimprimé 1992. |
| 300 | |a37p. ; |c28 cm. |
| 500 | |aPublié par la Commission canadienne des droits de la personne |
| 546 | |aBilingue |
| 563 | |aCouverture souple |
| 590 | |a89-22|b1989-06-02 |
| 776 | 0#|tOffice consolidation : |w(CaOODSP)9.936281 |
| 791 | |tCanadian Human Rights Act : |eeng|w(CaOODSP)9.652963 |